Welcome to the official i-CATS University College Library system. If you are a new user, please contact our librarian for registration.

Worksouts in intermediate microeconomics / (Record no. 2918)

MARC details
000 -LEADER
fixed length control field 00730nam a2200229 a 4500
003 - CONTROL NUMBER IDENTIFIER
control field OSt
005 - DATE AND TIME OF LATEST TRANSACTION
control field 20260528122141.0
008 - FIXED-LENGTH DATA ELEMENTS--GENERAL INFORMATION
fixed length control field 260528b |||||||| |||| 00| 0 eng d
020 ## - INTERNATIONAL STANDARD BOOK NUMBER
International Standard Book Number 0393978311
020 ## - INTERNATIONAL STANDARD BOOK NUMBER
International Standard Book Number 9780393978315
040 ## - CATALOGING SOURCE
Original cataloging agency DLC
Language of cataloging eng
Transcribing agency DLC
Modifying agency UMT
050 ## - LIBRARY OF CONGRESS CALL NUMBER
Classification number HB172
Item number .B4 2003
082 ## - DEWEY DECIMAL CLASSIFICATION NUMBER
Classification number 338.5
Item number /BER
100 ## - MAIN ENTRY--PERSONAL NAME
Personal name Bergstrom, Theodore C.,
Relator term author.
245 ## - TITLE STATEMENT
Title Worksouts in intermediate microeconomics /
Statement of responsibility, etc. Theodore C. Bergstrom & Hal R. Varian.
250 ## - EDITION STATEMENT
Edition statement 6th edn.
260 ## - PUBLICATION, DISTRIBUTION, ETC.
Place of publication, distribution, etc. Fifth Avenue, New York :
Name of publisher, distributor, etc. W. W. Norton & Company,
Date of publication, distribution, etc. 2003.
300 ## - PHYSICAL DESCRIPTION
Extent 530, A34 p. :
Other physical details ill. ;
Dimensions 28 cm.
650 ## - SUBJECT ADDED ENTRY--TOPICAL TERM
Topical term or geographic name entry element Microeconomics
General subdivision Problems, exercises, etc.
700 ## - ADDED ENTRY--PERSONAL NAME
Personal name Varian, Hal R.,
Relator term author.
942 ## - ADDED ENTRY ELEMENTS (KOHA)
Source of classification or shelving scheme Library of Congress Classification
Koha item type Books
Suppress in OPAC No
Holdings
Date last seen Total checkouts Full call number Barcode Copy number Price effective from Koha item type Lost status Source of classification or shelving scheme Damaged status Not for loan Collection Withdrawn status Home library Current library Shelving location Date acquired Cost, normal purchase price
28/05/2026   HB172 .B4 2003 1002903 1 28/05/2026 Books   Library of Congress Classification     Open Collection   Dato Maznah Library & Information Services Dato Maznah Library & Information Services H Social Sciences 28/05/2026 145.60
Copyright CITM & Maznah Library, i-CATS University College 2025. All Rights Reserved